Statistics for Who Did That 1980s Song #2

Click here to take the quiz!

General Stats

  • This quiz has been taken 41,381 times
    (41,363 since last reset)
  • The average score is 12 of 24

Answer Stats

Year Song Band or Artist % Correct
1982Beat ItMichael Jackson
99%
1985Material GirlMadonna
90%
1982White WeddingBilly Idol
68%
1984Eat ItWeird Al Yankovic
67%
1984JumpVan Halen
67%
1983Sweet Dreams
(Are Made of This)
Eurythmics
64%
1986The Final CountdownEurope
63%
1985Raspberry BeretPrince
61%
1987Where the Streets Have
No Name
U2
58%
1983Total Eclipse of the HeartBonnie Tyler
57%
1987Pour Some Sugar on MeDef Leppard
56%
1988Every Rose Has Its ThornPoison
50%
1987It's the End of the World as
We Know It (And I Feel Fine)
R.E.M.
49%
1982Rock the CasbahThe Clash
48%
1988I'm Gonna Be (500 Miles)The Proclaimers
46%
1987I Think We're Alone NowTiffany
43%
1987Heaven Is a Place on EarthBelinda Carlisle
41%
1986Everybody Have Fun TonightWang Chung
35%
1983Burning Down the HouseTalking Heads
31%
1984I Can't Drive 55Sammy Hagar
27%
1982867-5309/JennyTommy Tutone
25%
1989Bust a MoveYoung M.C.
19%
1982I Want CandyBow Wow Wow
19%
1989Monkey Gone to HeavenThe Pixies
13%

Score Distribution

Percentile by Number Answered

Percent of People with Each Score

Your Score History

You have not taken this quiz since the last reset